000 00405nam a2200109Ia 4500
008 171204s9999 xx 000 0 und d
245 _aBody – Language – Communication: An International Handbook on Multimodality in Human Interaction, Volume 2:
245 _cCornelia Müller
260 _c2014
650 _xINTRODUCTION TO COMMUNICATION THEORY
856 _uhttp://down.ebook777.com/052/311030080X.pdf
999 _c346080
_d346080